piłkarskie kluby z danego państwa - Statystyki

Ogólne statystyki
  • Ten quiz został rozwiązany 234 razy
  • Średni wynik to 14 z 15
Statystyki odpowiedzi
Państwo KLUB % Poprawnych
FC Barcelona Hiszpania
100%
RCD Mallorca Hiszpania
100%
Real Madryt CF Hiszpania
100%
PSG Francja
98%
AS Monaco Francja
98%
Legia warszawa Polska
98%
SSC Napoli Włochy
98%
Ipswich Town Anglia
97%
Chelsa Anglia
97%
Man city Anglia
97%
Leicester City Anglia
97%
Dynamo Kijów Ukraina
97%
Sparta Praga Czechy
93%
Club Brugge Belgia
87%
Portugalia Sporting CF
0%
Nie znaleziono quizów pasujących do podanych kryteriów
Rozkład punktacji
Procent ludzi z każdym wynikiem
Percentyl według liczby udzielonych odpowiedzi
Twoja historia wyników
Nie rozwiązałeś tego quizu